| 000 | 01215nam a2200181 4500 | ||
|---|---|---|---|
| 005 | 20260202112850.0 | ||
| 008 | 260202b |||||||| |||| 00| 0 eng d | ||
| 020 | _a9780745631257 | ||
| 037 | _cTextual | ||
| 040 |
_aRTL _cRTL |
||
| 084 | _qRTL | ||
| 100 |
_aWacquant, Loic _91113066 |
||
| 245 | _aUrban outcasts: A camparative sociology of advanced marginality | ||
| 260 |
_aCambridge _bPolity Press _c2008 |
||
| 300 |
_aviii, 342 p. _bIncludes bibliographical reference and index |
||
| 520 | _aBreaking with the exoticizing cast of public discourse and conventional research, Urban Outcasts takes the reader inside the black ghetto of Chicago and the deindustrializing banlieue of Paris to discover that urban marginality is not everywhere the same. Drawing on a wealth of original field, survey and historical data, Loïc Wacquant shows that the involution of America's urban core after the 1960s is due not to the emergence of an 'underclass', but to the joint withdrawal of market and state fostered by public policies of racial separation and urban abandonment. In European cities, by contrast, the spread of districts of 'exclusion' does not herald the formation of ghettos. | ||
| 942 |
_2CC _n0 _cTEXL |
||
| 999 |
_c1678456 _d1678456 |
||